Tree of hate (Record no. 122374)

MARC details
000 -LEADER
campo de control de longitud fija 00560nam a2200157 i 4500
001 - NÚMERO DE CONTROL
campo de control 122374
003 - IDENTIFICADOR DE NÚMERO DE CONTROL
campo de control ES-MaACL
005 - FECHA Y HORA DE LA ÚLTIMA TRANSACCIÓN
campo de control 20230906191950.0
008 - DATOS DE LONGITUD FIJA--INFORMACIÓN GENERAL
campo de control de longitud fija 070214s1971 xxuf |||| | eng d
100 1# - ENTRADA PRINCIPAL--NOMBRE DE PERSONA
Nombre de persona Powell, Phillip Wayne.
9 (RLIN) 93503
245 10 - MENCIÓN DEL TÍTULO
Título Tree of hate
Resto del título : propaganda and prejudices affecting United States relations with the Hispanic World /
Mención de responsabilidad, etc. by Phillip Wayne Powell.
260 ## - PUBLICACIÓN, DISTRIBUCIÓN, ETC.
Lugar de publicación, distribución, etc. New York :
Nombre del editor, distribuidor, etc. Basic Books,
Fecha de publicación, distribución, etc. 1971.
300 ## - DESCRIPCIÓN FÍSICA
Extensión X, 210 p., 10 lám. ;
Dimensiones 24 cm.
651 #4 - PUNTO DE ACCESO ADICIONAL DE MATERIA--NOMBRE GEOGRÁFICO
Nombre geográfico España-
Subdivisión general Historia-
-- Leyenda negra.
9 (RLIN) 8346
852 ## - LOCALIZACIÓN
Ubicación ES-MaACL
Número de control de estantería C-41068
Holdings
Estatus retirado Estado de pérdida Estado de daño No para préstamo Biblioteca de origen Biblioteca actual Ubicación en estantería Fecha de adquisición Fuente de adquisición Total de préstamos Signatura topográfica completa Código de barras Visto por última vez Precio de reemplazo Tipo de ítem Koha
        Biblioteca del Ateneo de Madrid Biblioteca del Ateneo de Madrid Depósito 2 17/01/2008     C-41068 1127519 23/02/2023 23/02/2023 Libro impreso